Normal view
MARC view
Entry Personal Name
001 - CONTROL NUMBER
- control field: 1238262
003 - CONTROL NUMBER IDENTIFIER
- control field: OSt
005 - DATE AND TIME OF LATEST TRANSACTION
- control field: 20260430150715.0
008 - FIXED-LENGTH DATA ELEMENTS
- fixed length control field: 260430|| aca||aabn | a|a d
040 ## - CATALOGING SOURCE
- Original cataloging agency: OSt
- Transcribing agency: OSt
100 ## - HEADING--PERSONAL NAME
- Personal name: Kasaudhan Sapana Au.; Saraswathy K. N. Gu
670 ## - SOURCE DATA FOUND
- Source citation: Work cat.: (OSt)1850433: Kasaudhan Sapana Au.; Saraswathy K. N. Gu., Hypertension and Quality of Life in Rural Punjab, India: An Anthropological Study, 2024
